000 00630nam a2200217Ia 4500
005 20241129105756.0
008 241129s9999||||xx |||||||||||||| ||und||
020 _a978-0-19-285908-2
037 _aTB
040 _aARTS
_beng
_cARTS
041 _aeng
_2eng
084 _aW:5.2 R2
_qARTS
100 _aRoy Anupama Au.
_9724690
245 0 _aCitizenship regimes, law, and belonging: the CAA and NRC
_cRoy Anupama Au.
260 _aOxford, UK
_bOxford Oxford University Press
_c2022
300 _avi,270p.
365 _aINR
_b1495
650 _aPolitical Science
942 _cTB
_hW:5.2 R2
999 _c1225883
_d1225883